[Event "2. ODEM U25 2005"]
[Site "Willingen GER"]
[Date "2005.05.17"]
[Round "5"]
[White "Jähn, Michael"]
[Black "Stuhl, Alexander"]
[Result "0-1"]
[Termination "normal"]
[Board "12"]
[WhiteElo "1977"]
[BlackElo "2071"]
[PlyCount "70"]
[WhiteFideId "24623466"]
[BlackFideId "24601373"]
[EventCountry "GER"]
[EventRounds "9"]
[EventType "swiss"]
[EventDate "2005.05.15"]

1. d4 e6 2. c4 Nf6 3. Nf3 Bb4+ 4. Bd2 Qe7 5. g3 Nc6 6. Bg2 Bxd2+ 7. Nbxd2 d6 8.
e4 e5 9. d5 Nb8 10. O-O a5 11. Ne1 O-O 12. Nd3 Re8 13. Qc2 c6 14. Rac1 b6 15.
a3 a4 16. b4 axb3 17. Qxb3 Qa7 18. Rc3 Bd7 19. Rb1 b5 20. cxb5 cxb5 21. Qb4 Qd4
22. Qxd4 exd4 23. Rcb3 Na6 24. f4 Ng4 25. Bh3 h5 26. e5 Nc5 27. Nxc5 dxc5 28.
Ne4 c4 29. Rb4 Rxa3 30. Nd6 d3 31. Bxg4 hxg4 32. Kf1 Rea8 33. f5 c3 34. Ke1 c2
35. Rc1 Ra1 0-1

[Event "2. ODEM U25 2005"]
[Site "Willingen GER"]
[Date "2005.05.17"]
[Round "5"]
[White "Simon, Eric"]
[Black "Leisner, Hannes"]
[Result "1/2-1/2"]
[Termination "normal"]
[Board "13"]
[WhiteElo "1896"]
[BlackElo "2022"]
[PlyCount "111"]
[BlackFideId "4692705"]
[EventCountry "GER"]
[EventRounds "9"]
[EventType "swiss"]
[EventDate "2005.05.15"]

1. d4 Nf6 2. c4 c5 3. d5 b5 4. Nd2 Qa5 5. e4 d6 6. Qc2 g6 7. Ngf3 Bg7 8. Be2
bxc4 9. Bxc4 O-O 10. O-O Ba6 11. Re1 Nfd7 12. Bxa6 Nxa6 13. Nc4 Nb4 14. Qe2 Qa6
15. a3 Nb6 16. Nxb6 axb6 17. Bg5 Nd3 18. Bxe7 Nxe1 19. Rxe1 Qxe2 20. Rxe2 Rfe8
21. Bxd6 Rad8 22. Bc7 Rxd5 23. exd5 Rxe2 24. d6 Rxb2 25. Kf1 Bf6 26. d7 c4 27.
d8=Q+ Bxd8 28. Bxd8 c3 29. Nd4 c2 30. Nxc2 Rxc2 31. Bxb6 Kf8 32. a4 Ke7 33. a5
Ra2 34. g3 g5 35. h3 Ke6 36. Kg2 Kf5 37. Kf3 Ra3+ 38. Ke2 Ke4 39. h4 Ra2+ 40.
Ke1 gxh4 41. gxh4 Kf5 42. Bc7 Rc2 43. Bb6 Ra2 44. Bc7 Ra4 45. Kd2 Kg4 46. Kc3
Kxh4 47. Kb3 Ra1 48. Kb4 Kg4 49. Kb5 h5 50. a6 Rxa6 51. Kxa6 h4 52. Kb5 f5 53.
Bh2 Kh3 54. Bf4 Kg2 55. Kc4 Kxf2 56. Kd4 1/2-1/2

[Event "2. ODEM U25 2005"]
[Site "Willingen GER"]
[Date "2005.05.17"]
[Round "5"]
[White "Jorczik, Andreas"]
[Black "Rafiee, Makan"]
[Result "0-1"]
[Termination "normal"]
[Board "15"]
[WhiteElo "1329"]
[BlackElo "1992"]
[PlyCount "36"]
[WhiteFideId "24634921"]
[BlackFideId "24609340"]
[EventCountry "GER"]
[EventRounds "9"]
[EventType "swiss"]
[EventDate "2005.05.15"]

1. d4 c5 2. d5 e5 3. c4 d6 4. Nc3 f5 5. Qc2 Nf6 6. Bg5 Be7 7. f3 Nxd5 8. Bxe7
Nxe7 9. Rd1 Nbc6 10. Qd2 Be6 11. e3 Nc8 12. b3 a6 13. g3 O-O 14. h4 f4 15. Ne4
fxe3 16. Qxe3 Nd4 17. Bd3 d5 18. Nxc5 Qa5+ 0-1

[Event "2. ODEM U25 2005"]
[Site "Willingen GER"]
[Date "2005.05.17"]
[Round "5"]
[White "Röber, Jürgen"]
[Black "Schwenke, Vincent"]
[Result "1-0"]
[Termination "normal"]
[Board "16"]
[WhiteElo "2040"]
[BlackElo "1711"]
[PlyCount "85"]
[WhiteFideId "4697090"]
[BlackFideId "24620467"]
[EventCountry "GER"]
[EventRounds "9"]
[EventType "swiss"]
[EventDate "2005.05.15"]

1. e4 c6 2. Nc3 d5 3. Nf3 dxe4 4. Nxe4 Nf6 5. Nxf6+ exf6 6. d4 Bd6 7. Be2 O-O
8. O-O Kh8 9. c3 f5 10. Qb3 f6 11. Bd2 g5 12. c4 g4 13. Nh4 f4 14. g3 f3 15.
Bd3 Be7 16. Bc3 c5 17. dxc5 Bxc5 18. Rad1 Qb6 19. Qxb6 Bxb6 20. Nf5 Nc6 21.
Rfe1 Bd7 22. Ne7 Rae8 23. Nxc6 Rxe1+ 24. Rxe1 Bxc6 25. Bf5 h5 26. Bg6 Bd8 27.
Bxh5 Rg8 28. Bf7 Rg7 29. Be6 Kh7 30. Bf5+ Kg8 31. Rd1 Be7 32. Rd4 Rg5 33. Rxg4
Kf7 34. Rxg5 fxg5 35. Bd4 a6 36. Kf1 Bb4 37. a3 Be7 38. Ke1 Bf6 39. Bxf6 Kxf6
40. Bd3 Ke5 41. Kd2 Kd4 42. b3 b6 43. Bg6 1-0

[Event "2. ODEM U25 2005"]
[Site "Willingen GER"]
[Date "2005.05.17"]
[Round "5"]
[White "Winter, Jonathan"]
[Black "Herzog, Matthias"]
[Result "0-1"]
[Termination "normal"]
[Board "17"]
[WhiteElo "1746"]
[BlackElo "2035"]
[PlyCount "72"]
[BlackFideId "4698541"]
[EventCountry "GER"]
[EventRounds "9"]
[EventType "swiss"]
[EventDate "2005.05.15"]

1. e4 c5 2. Nc3 Nc6 3. f4 d6 4. g3 Nf6 5. Bg2 e6 6. Nf3 Be7 7. d3 a6 8. Ne2 Qc7
9. O-O O-O 10. c3 b5 11. h3 Nd7 12. d4 f5 13. exf5 exf5 14. dxc5 dxc5 15. Qd5+
Kh8 16. Ng5 Bb7 17. Nf7+ Rxf7 18. Qxf7 Rf8 19. Qb3 c4 20. Qc2 Nc5 21. Be3 Nd3
22. Nc1 Nc5 23. Qf2 Nd8 24. Bxb7 Ndxb7 25. Kh2 Ne4 26. Qg2 Nbc5 27. Ne2 Nd3 28.
Nd4 Qd7 29. Rg1 Bf6 30. Rad1 Re8 31. Rge1 g6 32. Qc2 Nxe1 33. Rxe1 Nc5 34. Re2
Nd3 35. Bf2 Rxe2 36. Nxe2 Nxf2 0-1

[Event "2. ODEM U25 2005"]
[Site "Willingen GER"]
[Date "2005.05.17"]
[Round "5"]
[White "Sonntag, Hermann"]
[Black "Dorn, Matthias"]
[Result "1-0"]
[Termination "normal"]
[Board "18"]
[WhiteElo "2016"]
[BlackElo "1728"]
[PlyCount "79"]
[WhiteFideId "4695925"]
[BlackFideId "24600695"]
[EventCountry "GER"]
[EventRounds "9"]
[EventType "swiss"]
[EventDate "2005.05.15"]

1. e4 c5 2. Nc3 Nc6 3. f4 g6 4. Nf3 Bg7 5. Bc4 d6 6. O-O e6 7. d3 Nge7 8. Qe1
O-O 9. Qh4 a6 10. a4 Rb8 11. Bd2 d5 12. Bb3 b5 13. axb5 axb5 14. Nd1 c4 15. Ba2
cxd3 16. cxd3 dxe4 17. dxe4 Nd4 18. Bc3 Nec6 19. Qf2 b4 20. Bxd4 Bxd4 21. Nxd4
Qxd4 22. Rc1 Qxf2+ 23. Rxf2 Bb7 24. Ne3 Rfd8 25. f5 Nd4 26. fxe6 fxe6 27. Ng4
b3 28. Nf6+ Kf8 29. Nxh7+ Ke8 30. Rc7 Nf5 31. Bxb3 Ba6 32. Ba4+ Rb5 33. exf5
Rd4 34. Bxb5+ Bxb5 35. h3 exf5 36. Rfc2 Ba6 37. Ra7 Rd6 38. b4 Kd8 39. Ng5 Rb6
40. Nf7+ 1-0

[Event "2. ODEM U25 2005"]
[Site "Willingen GER"]
[Date "2005.05.17"]
[Round "5"]
[White "Albers, Damian"]
[Black "Hinz, Arne"]
[Result "1/2-1/2"]
[Termination "normal"]
[Board "19"]
[WhiteElo "1997"]
[BlackElo "1679"]
[PlyCount "77"]
[WhiteFideId "4695186"]
[BlackFideId "24634875"]
[EventCountry "GER"]
[EventRounds "9"]
[EventType "swiss"]
[EventDate "2005.05.15"]

1. e4 e5 2. Nf3 Nf6 3. Nc3 Nc6 4. d4 exd4 5. Nd5 Be7 6. Bf4 d6 7. Nxd4 Nxd4 8.
Qxd4 Nxd5 9. exd5 Bf6 10. Bb5+ Bd7 11. Qe3+ Qe7 12. Bxd7+ Kxd7 13. O-O Qxe3 14.
Bxe3 Rhe8 15. Rac1 Rad8 16. c4 b6 17. b4 Re4 18. Rfd1 Rde8 19. g3 h6 20. h4 Be5
21. Kg2 f5 22. Kf3 Bf6 23. Rc2 R8e7 24. Rd3 Kc8 25. Rd1 Kb7 26. a3 Re8 27. c5
Be5 28. cxb6 axb6 29. Rdc1 Re7 30. Rc4 Rxc4 31. Rxc4 Re8 32. Bd4 b5 33. Bxe5
Rxe5 34. Rd4 g5 35. h5 Kb6 36. g4 Kb7 37. Kg3 f4+ 38. Kf3 Kc8 39. Rd3 1/2-1/2

[Event "2. ODEM U25 2005"]
[Site "Willingen GER"]
[Date "2005.05.17"]
[Round "5"]
[White "Eidner, Falk"]
[Black "Mazarov, Jürgen"]
[Result "1-0"]
[Termination "normal"]
[Board "20"]
[WhiteElo "1729"]
[BlackElo "1958"]
[PlyCount "78"]
[WhiteFideId "24634557"]
[BlackFideId "24617768"]
[EventCountry "GER"]
[EventRounds "9"]
[EventType "swiss"]
[EventDate "2005.05.15"]

1. e4 e5 2. f4 d5 3. exd5 exf4 4. Nf3 c6 5. d4 Bd6 6. dxc6 Nxc6 7. Bc4 Nf6 8.
O-O O-O 9. c3 Bg4 10. Qc2 Qc7 11. Nbd2 Rac8 12. b3 Ne7 13. Ne4 Nxe4 14. Qxe4
Bf5 15. Qe2 Ng6 16. Bd2 Rfe8 17. Qf2 a6 18. Ng5 Re7 19. Rae1 Rf8 20. Rxe7 Qxe7
21. Nf3 Qe4 22. a4 Qc6 23. Ne1 b5 24. axb5 axb5 25. Bd3 Be6 26. Qe2 Bxb3 27.
Bxb5 Qd5 28. Nf3 Rc8 29. Rc1 Ba3 30. c4 Qd6 31. Rc3 Ba2 32. c5 Bxc5 33. dxc5
Rxc5 34. Rxc5 Qxc5+ 35. Kf1 Be6 36. Qd3 Qc7 37. Ng5 Qe7 38. h4 Bg4 39. Bc4 Ne5
1-0

[Event "2. ODEM U25 2005"]
[Site "Willingen GER"]
[Date "2005.05.17"]
[Round "5"]
[White "Frey, Claudia"]
[Black "Lüders, Morten"]
[Result "1/2-1/2"]
[Termination "normal"]
[Board "21"]
[WhiteElo "1911"]
[BlackElo "1728"]
[PlyCount "85"]
[WhiteFideId "24614513"]
[EventCountry "GER"]
[EventRounds "9"]
[EventType "swiss"]
[EventDate "2005.05.15"]

1. e4 c5 2. Nc3 d6 3. g3 g6 4. Bg2 Bg7 5. d3 e6 6. Be3 Nc6 7. Qd2 Qa5 8. Nf3
Bd7 9. O-O Nd4 10. Nh4 Ne7 11. Rae1 O-O 12. Nd5 Nec6 13. Ne7+ Kh8 14. Nxc6 Qxd2
15. Bxd2 Nxc6 16. c3 Ne5 17. Re3 Bb5 18. c4 Bd7 19. Bc3 Nc6 20. Bxg7+ Kxg7 21.
f4 Nd4 22. Nf3 e5 23. Nxd4 cxd4 24. Ref3 f6 25. R3f2 Rab8 26. Rc1 Rfc8 27. Rfc2
Rc7 28. h4 Rbc8 29. b4 b5 30. Bf1 bxc4 31. Rxc4 Rxc4 32. Rxc4 Rxc4 33. dxc4 Bc6
34. fxe5 fxe5 35. Bd3 Kf6 36. Kf2 Ke7 37. g4 h6 38. g5 hxg5 39. hxg5 Kd8 40.
Ke2 Bd7 41. Kd2 Kc7 42. Kc2 Kb6 43. a3 1/2-1/2

[Event "2. ODEM U25 2005"]
[Site "Willingen GER"]
[Date "2005.05.17"]
[Round "5"]
[White "Sieker, Roland"]
[Black "Szczap, Arthur"]
[Result "1-0"]
[Termination "normal"]
[Board "22"]
[WhiteElo "1895"]
[BlackElo "1660"]
[PlyCount "75"]
[WhiteFideId "24600261"]
[BlackFideId "24637394"]
[EventCountry "GER"]
[EventRounds "9"]
[EventType "swiss"]
[EventDate "2005.05.15"]

1. e4 c5 2. Nf3 d6 3. d4 cxd4 4. Nxd4 Nf6 5. Nc3 Nc6 6. Be3 Bd7 7. Be2 e6 8.
Qd2 a6 9. O-O Be7 10. f3 O-O 11. Rad1 b5 12. a3 Qc7 13. Nxc6 Bxc6 14. Bd4 Rfc8
15. Rf2 d5 16. e5 Nd7 17. f4 b4 18. axb4 Bxb4 19. Qe3 Bxc3 20. Bxc3 Ba4 21. Bd3
Nc5 22. f5 Bb5 23. f6 Bxd3 24. cxd3 Qd8 25. fxg7 Kxg7 26. Qg3+ Kh8 27. Rxf7 Qg8
28. Qf3 Qg6 29. Bb4 Kg8 30. Rf4 Qh6 31. Rf6 Qg5 32. Rf1 Nd7 33. Rxe6 Nxe5 34.
Qxd5 Nf7 35. Qf3 Ra7 36. Bc3 Re7 37. Rxe7 Qxe7 38. Qg4+ 1-0

[Event "2. ODEM U25 2005"]
[Site "Willingen GER"]
[Date "2005.05.17"]
[Round "5"]
[White "Reh, Rebecca"]
[Black "Zabarska, Natalia"]
[Result "1/2-1/2"]
[Termination "normal"]
[Board "23"]
[WhiteElo "1650"]
[BlackElo "1891"]
[PlyCount "59"]
[BlackFideId "24608009"]
[EventCountry "GER"]
[EventRounds "9"]
[EventType "swiss"]
[EventDate "2005.05.15"]

1. e4 e6 2. d4 d5 3. Nd2 Nf6 4. e5 Nfd7 5. f4 c5 6. c3 Nc6 7. Ndf3 Qb6 8. Ne2
Be7 9. g3 O-O 10. Bh3 Nd8 11. O-O f6 12. Qc2 Nf7 13. Kh1 f5 14. Rg1 cxd4 15.
cxd4 Nh6 16. g4 fxg4 17. Bxg4 Nf5 18. Bxf5 exf5 19. Ng3 Qg6 20. Be3 Nb6 21. b3
Bd7 22. Rg2 Rac8 23. Qf2 Rc6 24. Rag1 Qh6 25. Nf1 g6 26. Ng5 Rfc8 27. Rg3 Rc2
28. Qf3 Bxg5 29. Rxg5 Kf7 30. R5g2 1/2-1/2

[Event "2. ODEM U25 2005"]
[Site "Willingen GER"]
[Date "2005.05.17"]
[Round "5"]
[White "Rosenblatt, Marcus"]
[Black "Hirning, Oliver"]
[Result "1-0"]
[Termination "normal"]
[Board "24"]
[WhiteElo "1852"]
[BlackElo "1511"]
[PlyCount "87"]
[WhiteFideId "24627453"]
[EventCountry "GER"]
[EventRounds "9"]
[EventType "swiss"]
[EventDate "2005.05.15"]

1. e4 e5 2. Nf3 Nc6 3. d4 exd4 4. Nxd4 Qh4 5. Nc3 Bb4 6. Ndb5 Ba5 7. Bd3 a6 8.
Na3 b5 9. Nab1 d6 10. Nd2 Ne5 11. O-O Be6 12. Nf3 Nxf3+ 13. Qxf3 Bxc3 14. bxc3
Qf6 15. Qg3 Qg6 16. Qe3 Qh6 17. f4 Nf6 18. a4 bxa4 19. Rxa4 a5 20. Qf3 Qh5 21.
Qg3 Qg6 22. Qf2 Bd7 23. Rc4 Ng4 24. Qf3 Rc8 25. h3 Nh6 26. g4 Bxg4 27. hxg4
Qxg4+ 28. Qxg4 Nxg4 29. Be2 h5 30. Rf3 g5 31. Rh3 Kd7 32. fxg5 Rcg8 33. Rxh5
Ne5 34. Rxh8 Rxh8 35. Ra4 Rh3 36. Bd2 Rh4 37. Kg2 c5 38. Kg3 Rh1 39. Rxa5 Ke6
40. Ra7 Rg1+ 41. Kf2 Rh1 42. Kg2 Rh8 43. Bf4 Ng6 44. Bg4+ 1-0

[Event "2. ODEM U25 2005"]
[Site "Willingen GER"]
[Date "2005.05.17"]
[Round "5"]
[White "Kamrla, Robin"]
[Black "Roitzsch, Philipp"]
[Result "0-1"]
[Termination "normal"]
[Board "25"]
[WhiteElo "1465"]
[BlackElo "1830"]
[PlyCount "72"]
[BlackFideId "24635529"]
[EventCountry "GER"]
[EventRounds "9"]
[EventType "swiss"]
[EventDate "2005.05.15"]

1. e4 e5 2. Nf3 Nc6 3. Bc4 Nf6 4. d4 exd4 5. e5 d5 6. Bb5 Ne4 7. Nxd4 Bd7 8.
Bxc6 bxc6 9. O-O Bc5 10. Be3 Qe7 11. Re1 O-O 12. f3 Ng5 13. f4 Ne4 14. Nd2 Nxd2
15. Qxd2 Rab8 16. Nb3 Bb6 17. Qc3 Rfd8 18. Bc5 Qh4 19. Qd2 Bf5 20. c3 Re8 21.
Rf1 h5 22. Rf3 Qe7 23. Qf2 Bxc5 24. Nxc5 a5 25. a3 Rb5 26. b4 axb4 27. cxb4 Ra8
28. Rg3 Rxb4 29. Rg5 g6 30. a4 Ra5 31. Qg3 Qxc5+ 32. Kh1 Rb1+ 33. Rxb1 Bxb1 34.
h3 Rxa4 35. Rxh5 Qc1+ 36. Kh2 Qxf4 0-1

[Event "2. ODEM U25 2005"]
[Site "Willingen GER"]
[Date "2005.05.17"]
[Round "5"]
[White "Schäfer, Simon"]
[Black "Belger, Christian"]
[Result "0-1"]
[Termination "normal"]
[Board "26"]
[WhiteElo "1395"]
[BlackElo "1822"]
[PlyCount "90"]
[BlackFideId "24622940"]
[EventCountry "GER"]
[EventRounds "9"]
[EventType "swiss"]
[EventDate "2005.05.15"]

1. d4 Nf6 2. c4 g6 3. Nc3 Bg7 4. Nf3 O-O 5. Bf4 d6 6. e3 Nbd7 7. Bd3 Nh5 8. Bg5
c6 9. O-O f5 10. Bh4 h6 11. Bg3 e5 12. dxe5 dxe5 13. c5 Kh8 14. Bh4 Qe8 15. Be2
g5 16. Nd2 Nhf6 17. Bg3 f4 18. exf4 exf4 19. Bxf4 gxf4 20. b4 a5 21. bxa5 Nxc5
22. Nb3 Nxb3 23. axb3 Bf5 24. Re1 Qg6 25. Ra2 Rfe8 26. Kf1 Ne4 27. Nxe4 Bxe4
28. f3 Bf5 29. Qc1 Re3 30. Bc4 Bd3+ 31. Bxd3 Qxd3+ 32. Kg1 Rae8 33. Rxe3 Bd4
34. Kh1 fxe3 35. h3 Kg7 36. Qe1 Kh7 37. Kh2 e2 38. Rd2 Bc3 39. Qxe2 Qxe2 40.
Rxe2 Rxe2 41. Kg3 Kg6 42. f4 Bxa5 43. Kf3 Rb2 44. Kg4 Rxg2+ 45. Kh4 Be1# 0-1

[Event "2. ODEM U25 2005"]
[Site "Willingen GER"]
[Date "2005.05.17"]
[Round "5"]
[White "Durmisi, Valon"]
[Black "Willems, Sebastian"]
[Result "0-1"]
[Termination "normal"]
[Board "27"]
[WhiteElo "1373"]
[BlackElo "1786"]
[PlyCount "124"]
[EventCountry "GER"]
[EventRounds "9"]
[EventType "swiss"]
[EventDate "2005.05.15"]

1. e4 d5 2. exd5 Nf6 3. d4 Bg4 4. Be2 Bxe2 5. Nxe2 Qxd5 6. Nbc3 Qxg2 7. Ng3 h5
8. h4 Ng4 9. Qe2 Nh2 10. Rxh2 Qxh2 11. Qb5+ Nd7 12. Qxb7 Rb8 13. Qxc7 e6 14.
Bf4 Qg1+ 15. Nf1 Qg4 16. Ng3 Bb4 17. Nge2 Bxc3+ 18. bxc3 Qxh4 19. Kd2 Qd8 20.
Qxa7 Ra8 21. Qb7 O-O 22. Qg2 e5 23. Rg1 Qf6 24. Bg5 Qg6 25. dxe5 Rxa2 26. Nd4
Nxe5 27. Qd5 Ng4 28. f3 Ra6 29. fxg4 hxg4 30. Be3 Rd6 31. Qg5 Qxg5 32. Bxg5 Rg6
33. Be7 Re8 34. Bb4 Rg5 35. Nc6 Re6 36. Ne7+ Kf8 37. Rh1 Ke8 38. Nc8 Rd5+ 39.
Kc1 g3 40. Nd6+ Rdxd6 41. Bxd6 Rxd6 42. Rg1 Rg6 43. Kd2 g2 44. Ke3 Kd7 45. Kd4
Kc6 46. Kd3 Kc5 47. Ke3 Kc4 48. Kd2 Rg3 49. Ke2 f5 50. Kf2 f4 51. Rxg2 Rxg2+
52. Kxg2 Kxc3 53. Kf3 g5 54. Kg4 Kxc2 55. Kf3 Kd3 56. Kf2 g4 57. Kg2 Ke2 58.
Kg1 f3 59. Kh1 f2 60. Kh2 Kf3 61. Kh1 f1=Q+ 62. Kh2 g3# 0-1

[Event "2. ODEM U25 2005"]
[Site "Willingen GER"]
[Date "2005.05.17"]
[Round "5"]
[White "Frey, Nicole"]
[Black "Neldner, Uta"]
[Result "0-1"]
[Termination "normal"]
[Board "28"]
[WhiteElo "1694"]
[BlackElo "1830"]
[PlyCount "66"]
[WhiteFideId "4690176"]
[BlackFideId "24604070"]
[EventCountry "GER"]
[EventRounds "9"]
[EventType "swiss"]
[EventDate "2005.05.15"]

1. e4 c5 2. Nc3 Nc6 3. g3 g6 4. Bg2 Bg7 5. d3 d6 6. Be3 e6 7. Qd2 Nge7 8. Bh6
O-O 9. h4 Bxh6 10. Qxh6 f6 11. O-O-O e5 12. Qd2 Nd4 13. f3 Be6 14. g4 b5 15. b3
a5 16. g5 f5 17. h5 Bf7 18. f4 a4 19. exf5 Nexf5 20. Bxa8 Qxa8 21. Qh2 Ng3 22.
Nge2 Nxh1 23. Rxh1 axb3 24. cxb3 Nxe2+ 25. Nxe2 Qxa2 26. Kd1 Bxb3+ 27. Ke1 Qb1+
28. Kd2 Qc2+ 29. Ke1 Qxd3 30. hxg6 Qxg6 31. Qg2 exf4 32. Rh6 Qb1+ 33. Kf2 f3
0-1

[Event "2. ODEM U25 2005"]
[Site "Willingen GER"]
[Date "2005.05.17"]
[Round "5"]
[White "Lobe, Sandra"]
[Black "Rezai, Yuanne"]
[Result "1/2-1/2"]
[Termination "normal"]
[Board "29"]
[WhiteElo "1626"]
[BlackElo "1779"]
[PlyCount "60"]
[EventCountry "GER"]
[EventRounds "9"]
[EventType "swiss"]
[EventDate "2005.05.15"]

1. e4 d5 2. exd5 Nf6 3. Nf3 Qxd5 4. Nc3 Qa5 5. Bc4 Bg4 6. d3 e6 7. Bd2 Qh5 8.
Bf4 e5 9. Bg3 Nc6 10. Bb5 O-O-O 11. Bxc6 bxc6 12. Qe2 Bb4 13. O-O-O Bxc3 14.
bxc3 Rhe8 15. Qe3 Nd5 16. Qc5 Bxf3 17. gxf3 Re6 18. Rhe1 Rde8 19. Qa5 Qxf3 20.
c4 Nf4 21. Re3 Qg4 22. Rde1 f6 23. Re4 f5 24. Rxe5 Rxe5 25. Rxe5 Rxe5 26. Qxe5
Ne2+ 27. Kd2 Nxg3 28. hxg3 h5 29. Qc5 Kb7 30. Qb4+ Kc8 1/2-1/2

[Event "2. ODEM U25 2005"]
[Site "Willingen GER"]
[Date "2005.05.17"]
[Round "5"]
[White "Kling, Felix"]
[Black "Katte, Nicolas"]
[Result "1/2-1/2"]
[Termination "normal"]
[Board "30"]
[WhiteElo "1513"]
[BlackElo "1946"]
[PlyCount "38"]
[BlackFideId "24614149"]
[EventCountry "GER"]
[EventRounds "9"]
[EventType "swiss"]
[EventDate "2005.05.15"]

1. e4 d5 2. e5 d4 3. c3 f6 4. Qf3 Kf7 5. Qxb7 Qd5 6. Kd1 Qxg2 7. Kc2 Qxf1 8.
Qxc8 Qxg1 9. Qxb8 Rxb8 10. Rxg1 Rb3 11. Rg6 Ra3 12. Rh6 gxh6 13. bxa3 d3+ 14.
Kb2 c5 15. e6+ Kg7 16. h4 a6 17. h5 a5 18. f4 c4 19. f5 19... a4 {beide Spieler
bekamen vom Schiedsrichter die "gelbe Karte" wegen Partieabsprache.} 1/2-1/2

[Event "2. ODEM U25 2005"]
[Site "Willingen GER"]
[Date "2005.05.17"]
[Round "5"]
[White "Reinke, Martin"]
[Black "Koksch, Florian"]
[Result "0-1"]
[Termination "normal"]
[Board "31"]
[WhiteElo "1574"]
[BlackElo "1899"]
[PlyCount "43"]
[WhiteFideId "4620518"]
[BlackFideId "24613584"]
[EventCountry "GER"]
[EventRounds "9"]
[EventType "swiss"]
[EventDate "2005.05.15"]

1. d4 d5 2. c4 e6 3. Nf3 Nf6 4. e3 c5 5. b3 Nc6 6. Nbd2 cxd4 7. exd4 dxc4 8.
Nxc4 Be7 9. Bb2 O-O 10. Bd3 a6 11. O-O b5 12. Nce5 Nxe5 13. dxe5 Nd5 14. Be4
Bb7 15. Qd3 h6 16. Rfd1 Rc8 17. Rac1 Rxc1 18. Bxc1 Qa5 19. Nd4 Qxa2 20. Qg3 Kh8
21. Nxe6 fxe6 22. Qg6 0-1

[Event "2. ODEM U25 2005"]
[Site "Willingen GER"]
[Date "2005.05.17"]
[Round "5"]
[White "Dalakian, Haroutioun"]
[Black "Hoffmann, Lena"]
[Result "1-0"]
[Termination "normal"]
[Board "32"]
[WhiteElo "1746"]
[BlackElo "1558"]
[PlyCount "109"]
[WhiteFideId "24632058"]
[BlackFideId "24626597"]
[EventCountry "GER"]
[EventRounds "9"]
[EventType "swiss"]
[EventDate "2005.05.15"]

1. d4 d5 2. c4 e6 3. Nc3 Nf6 4. Bg5 Be7 5. e3 Nbd7 6. cxd5 exd5 7. Qc2 c6 8.
Bd3 O-O 9. Nf3 Re8 10. O-O Nf8 11. h3 Ne4 12. Bxe7 Qxe7 13. Nd2 f5 14. Rfe1 Qg5
15. Nf3 Qf6 16. Ne5 Ng6 17. f4 Nxe5 18. dxe5 Qh6 19. Bxe4 fxe4 20. Qf2 Re6 21.
Rf1 Bd7 22. Rad1 Rf8 23. Qe1 Rg6 24. Kh2 Rf5 25. Nxe4 Rf8 26. Ng3 Re6 27. Qc3
Bc8 28. f5 Ree8 29. e4 dxe4 30. Qc4+ Kh8 31. Qxe4 Qg5 32. h4 Qe7 33. Rde1 Qf7
34. e6 Qe7 35. Rf4 a6 36. Rg4 Qf6 37. Qe5 Qxe5 38. Rxe5 Re7 39. Rd4 h6 40. Ne4
Kh7 41. Nd6 b6 42. g4 c5 43. Rd3 a5 44. Nxc8 Rxc8 45. a4 Kg8 46. Kg3 c4 47. Rc3
Rec7 48. Kf4 Kf8 49. Ke4 Ke7 50. Rd5 g6 51. Ke5 gxf5 52. gxf5 Rc5 53. f6+ Kf8
54. Rg3 R5c7 55. e7+ 1-0

[Event "2. ODEM U25 2005"]
[Site "Willingen GER"]
[Date "2005.05.17"]
[Round "5"]
[White "Gahn, Cornelia"]
[Black "Reiske, Anne"]
[Result "1-0"]
[Termination "normal"]
[Board "33"]
[WhiteElo "1342"]
[BlackElo "1719"]
[PlyCount "105"]
[BlackFideId "24635472"]
[EventCountry "GER"]
[EventRounds "9"]
[EventType "swiss"]
[EventDate "2005.05.15"]

1. e4 e5 2. Nf3 Nf6 3. Nc3 Bb4 4. Qe2 Nc6 5. Nd5 d6 6. Nxb4 Nxb4 7. d3 Be6 8.
c3 Nc6 9. g3 h6 10. Bg2 Qd7 11. Bd2 a6 12. O-O O-O-O 13. b4 g5 14. a4 Nb8 15.
Rfb1 Rdg8 16. c4 Ne8 17. a5 f6 18. Be1 h5 19. Qb2 c6 20. Ra3 h4 21. b5 hxg3 22.
fxg3 Rh7 23. Rc3 Rgh8 24. Bf2 c5 25. Rb3 Bg4 26. Be1 Bxf3 27. Bxf3 g4 28. Bd1
Rg8 29. Kh1 Nc7 30. Qf2 Qd8 31. Qf5+ Qd7 32. Qf2 Rgh8 33. Kg1 Rxh2 34. Qxh2
Rxh2 35. Kxh2 Qh7+ 36. Kg1 Qg7 37. bxa6 Nbxa6 38. Rxb7 Qg5 39. Kf2 f5 40. R7b6
f4 41. Rxd6 fxg3+ 42. Kxg3 Qe3+ 43. Kg2 Qh3+ 44. Kg1 Qe3+ 45. Bf2 Qg5 46. Bg3
Nb4 47. Ba4 Qe3+ 48. Bf2 Qf3 49. Bd7+ Kb8 50. Rb6+ Ka7 51. R6xb4 Na8 52. Bxc5+
Ka6 53. Bc8+ 1-0

[Event "2. ODEM U25 2005"]
[Site "Willingen GER"]
[Date "2005.05.17"]
[Round "5"]
[White "Neumair, Cedric"]
[Black "Vintan, Cristina-Mihaela"]
[Result "0-1"]
[Termination "normal"]
[Board "34"]
[WhiteElo "1240"]
[BlackElo "1711"]
[PlyCount "88"]
[WhiteFideId "4698304"]
[EventCountry "GER"]
[EventRounds "9"]
[EventType "swiss"]
[EventDate "2005.05.15"]

1. e4 c5 2. Nf3 e6 3. d4 cxd4 4. Nxd4 Bc5 5. Nc3 Qb6 6. Na4 Qa5+ 7. c3 Bxd4 8.
Qxd4 e5 9. Qc5 Qxc5 10. Nxc5 d6 11. Bb5+ Ke7 12. Nd3 Nc6 13. O-O f5 14. exf5
Bxf5 15. f4 e4 16. Re1 Nf6 17. Nf2 d5 18. Be3 a6 19. Bc5+ Kf7 20. Ba4 Rad8 21.
Rad1 b5 22. Bb3 a5 23. a4 b4 24. c4 d4 25. Bb6 e3 26. Bxd8 exf2+ 27. Kxf2 Rxd8
28. c5+ Kg6 29. h3 Ne4+ 30. Kf3 Nxc5 31. Rc1 Nxb3 32. Rxc6+ Kf7 33. g4 Bd7 34.
Rc7 Kf8 35. Rd1 Bxa4 36. Re1 d3 37. Ree7 Be8 38. Rxg7 d2 39. Rxh7 d1=Q+ 40. Kg3
Qe1+ 41. Kg2 Rd2+ 42. Kf3 Rf2+ 43. Kg3 Rf1+ 44. Kg2 Qf2# 0-1

[Event "2. ODEM U25 2005"]
[Site "Willingen GER"]
[Date "2005.05.17"]
[Round "5"]
[White "Reps, Dirk"]
[Black "Winter, Christopher"]
[Result "1-0"]
[Termination "normal"]
[Board "35"]
[WhiteElo "1665"]
[BlackElo "1553"]
[PlyCount "69"]
[EventCountry "GER"]
[EventRounds "9"]
[EventType "swiss"]
[EventDate "2005.05.15"]

1. e4 d5 2. exd5 Qxd5 3. Nc3 Qa5 4. d4 Bf5 5. Bc4 e6 6. Bd2 c6 7. d5 exd5 8.
Nxd5 Qd8 9. Qe2+ Be7 10. Ne3 Be4 11. f3 Bg6 12. O-O-O Nd7 13. h4 h5 14. Bc3
Ngf6 15. Nh3 b5 16. Bd3 Bxd3 17. Rxd3 Qc7 18. Nf5 Nc5 19. Re3 Nd5 20. Rxe7+
Nxe7 21. Bxg7 Rg8 22. Bf6 Ne6 23. Nxe7 Rg3 24. Nf5 Rxh3 25. Ng7+ Kf8 26. Nxe6+
fxe6 27. Rxh3 Qf4+ 28. Qd2 Qxf6 29. Qd6+ Kf7 30. Qc7+ Kg6 31. Rg3+ Kh6 32. Rg5
Qd4 33. Rxh5+ Kg6 34. Qh7+ Kf6 35. Rh6+ 1-0